000 00703cam a2200265 i 4500
001 768714001
003 CO-MdFUSB
005 20240628073139.0
007 ta
008 240628t1990 -us||||| |||| 00| 0 eng d
040 _cCO-MdFUSB
041 0 _aeng
082 0 4 _224
_a234.8
_b W3371b
100 1 _aWatson, George D.
_eautor
245 1 0 _aThe Bridehood Saints
_c/ George D. Watson
264 1 _b God's Bible School and College,
_aCincinnati, Ohio, USA :
_c[1990]
264 4 _c©1990
300 _a287 Pag
336 _atexto
_btxt
_2rdacontent
337 _2rdamedia
_asin mediación
_bn
338 _2rdacarrier
_avolumen
_bnc
653 _aSoteriología
942 _cBK
945 _aMiguel
999 _c34952
_d34952